000 00621nam a22001937a 4500
999 _c9768
_d9768
003 AR-CdUCM
008 190328b ||||| |||| 00| 0 spa d
020 _a978-84-9825-016-9
040 _aMUNICIPALIDAD PROVINCIAL DEL CUSCO
_cBIBLIOTECA MUNICIPAL DEL CUSCO
082 _26ed.
_aSI-0107 /
_bCOM / cue
245 _aMis cuentos favoritos de los hermanos Grimm /
260 _aBarcelona :
_bCombel,
_c2015.
300 _a191 páginas ;
_bIlustraciones.
_c25 cm.
650 _aLiteratura infantil
_9588
650 _aSiglo XXI
_92856
700 _aLicitra, Jimena (traductora)
_926191
942 _2ddc
_cLIBROS
945 _aafb